| 000 | 00752cab a2200217 4500 | ||
|---|---|---|---|
| 001 | WB2820-13 | ||
| 008 | 090401t1992 xxu||||| |||| 00| 0 eng d | ||
| 035 | _a(Sirsi) u12701 | ||
| 041 | _aeng | ||
| 245 | _aListed building | ||
| 260 | _c1992 | ||
| 350 | _a0 | ||
| 490 |
_aEstates Gazette Case Summaries _v1992 EGCS 69(1) (16 May 1992) |
||
| 520 | _aDiscusses "Cullimore v SoS for the Environment", QBD 6 May 1992, which concerned refusal of planning permission for the demolition of the remains of a listed farmhouse and the erection of a new building as a replica of the orginal. | ||
| 650 | _aLISTED BUILDINGS | ||
| 650 | _aPLANNING PERMISSION | ||
| 650 | _aREFUSAL | ||
| 690 | _aCONSERVATION-CASE LAW | ||
| 942 | _n0 | ||
| 948 | _c04/03/1997 | ||
| 999 |
_c8128 _d8128 |
||